000 00939cam a2200265 a 4500
001 11885172
003 OSt
005 20230904162101.0
008 000110s2001 ohua b 001 0 eng
010 _a 00020125
020 _a9788131525258
040 _aDLC
_cDLC
_dDLC
050 0 0 _aHF5681.B2
_bG49 2001
082 0 0 _a657.3
_bGIB/F
100 1 _aGibson, Charles H.,
_d1939-
_99329
245 1 0 _aFinancial statement analysis /
_cCharles H. Gibson.
250 _a13th ed.
260 _aCincinnati, Ohio :
_bSouth-Western College Pub.,
_cc2013.
300 _a664 p. :
_bill. ;
_c26 cm. +
504 _aIncludes bibliographical references and index.
538 _aSystem requirements for accompanying computer disc: Pentium processor; Windows 95.
650 0 _aFinancial statements.
700 1 _aGibson, Charles, H.,
_d1939-
_tFinancial statement analysis.
942 _2ddc
_cBK
_h657.3
_iGIB/F
_k657.3
_mGIB/F
999 _c41903
_d41903